[Event "MNT-chT"]
[Site "Herceg Novi"]
[Date "2023.05.01"]
[Round "1.3"]
[White "Radonjic, Milan"]
[Black "Milanovic, Slavisa"]
[Result "0-1"]
[WhiteElo "1994"]
[BlackElo "2316"]
[PlyCount "82"]
[EventDate "2023.05.01"]
[EventType "team-tourn"]
[EventRounds "9"]
[EventCountry "MNE"]
[SourceTitle "CBM 214 Extra"]
[Source "ChessBase"]
[SourceDate "2023.07.31"]
[SourceVersion "1"]
[SourceVersionDate "2023.07.31"]
[SourceQuality "1"]
[WhiteTeam "Omladinac Buducnost"]
[BlackTeam "Mimoza"]
[WhiteTeamCountry "MNE"]
[BlackTeamCountry "MNE"]

1. d4 e6 2. Nf3 Nf6 3. Bg5 h6 4. Bh4 b6 5. e3 Bb7 6. Bd3 c5 7. c3 Be7 8. Nbd2 cxd4 9. exd4 Nh5 10. Bg3 Nxg3 11. hxg3 d6 12. Qe2 Nd7 13. a4 a6 14. Ne4 Nf6 15. Nfd2 Nd5 16. f4 Qd7 17. a5 b5 18. Nf3 g6 19. Kf2 Kf8 20. Ned2 Kg7 21. Rhe1 Rae8 22. Nf1 Bd8 23. Ne3 Nf6 24. Qc2 Bc7 25. Nh4 g5 26. Nf3 Reg8 27. fxg5 hxg5 28. Nxg5 Kf8 29. Nh7+ Nxh7 30. Bxh7 Rg7 31. Rh1 f5 32. Bxf5 Rxh1 33. Rxh1 exf5 34. Nxf5 Rg5 35. Rh8+ Rg8 36. Rh6 Ke8 37. Kg1 Kd8 38. g4 Qe8 39. Qd1 Qe4 40. Qd2 Qxg4 41. Nxd6 Bxg2 0-1

[Event "MNT-chT 1st League"]
[Site "Podgorica"]
[Date "2021.05.20"]
[Round "1.3"]
[White "Radonjic, Milan"]
[Black "Skenderovic, Ismet"]
[Result "1/2-1/2"]
[WhiteElo "2015"]
[BlackElo "1912"]
[PlyCount "120"]
[EventDate "2021.05.20"]
[EventType "team-tourn"]
[EventRounds "7"]
[EventCountry "MNE"]
[SourceTitle "EXT 2022"]
[Source "ChessBase"]
[SourceDate "2021.10.06"]
[SourceVersion "1"]
[SourceVersionDate "2021.10.06"]
[SourceQuality "1"]

1. d4 e6 2. c4 d5 3. Nc3 Nf6 4. cxd5 exd5 5. Bg5 Be7 6. e3 c6 7. Bd3 b6 8. Qc2 h6 9. Bh4 Ba6 10. Nf3 Bxd3 11. Qxd3 Nbd7 12. 0-0 0-0 13. Rac1 Rc8 14. Rfd1 Re8 15. a3 c5 16. Bxf6 Nxf6 17. dxc5 Rxc5 18. b4 Rc8 19. h3 a5 20. Qb5 axb4 21. axb4 Qd6 22. Nxd5 Nxd5 23. Rxc8 Rxc8 24. Qxd5 Qxd5 25. Rxd5 Bxb4 26. Ne5 Rc1+ 27. Kh2 Rc7 28. Kg3 Kf8 29. Nd7+ Ke7 30. Nxb6 Bd6+ 31. Kf3 Ke6 32. Rd3 f5 33. Nd5 Rc4 34. g4 g6 35. gxf5+ gxf5 36. Nc3 Be5 37. Ne2 Rh4 38. Kg2 Rc4 39. Rb3 Rc2 40. Rb6+ Kf7 41. Kf3 Kg7 42. Re6 Bf6 43. Ra6 Be5 44. Ng3 Bxg3 45. fxg3 Rc1 46. g4 fxg4+ 47. hxg4 Rf1+ 48. Kg2 Rb1 49. e4 Rb3 50. Kf2 Rc3 51. e5 Rc5 52. Re6 Kf7 53. Rf6+ Ke7 54. Rxh6 Rxe5 55. Kf3 Kf7 56. Kf4 Ra5 57. Rb6 Ra7 58. Kg5 Kg7 59. Kh5 Ra5+ 60. g5 Ra7 1/2-1/2

[Event "MNT-chT 1st League"]
[Site "Podgorica"]
[Date "2019.07.25"]
[Round "6.4"]
[White "Pecurica, Milos"]
[Black "Radonjic, Milan"]
[Result "1-0"]
[WhiteElo "2331"]
[BlackElo "2009"]
[PlyCount "49"]
[EventDate "2019.07.20"]
[EventType "team-tourn"]
[EventRounds "9"]
[EventCountry "MNE"]
[SourceTitle "EXT 2020"]
[Source "ChessBase"]
[SourceDate "2019.10.17"]
[SourceVersion "1"]
[SourceVersionDate "2019.10.17"]
[SourceQuality "1"]
[WhiteTeam "Crnogorac"]
[BlackTeam "Buducnost Omladinac"]
[WhiteTeamCountry "MNE"]
[BlackTeamCountry "MNE"]

1. Nf3 Nf6 2. c4 e6 3. Nc3 d5 4. d4 Be7 5. Bf4 c6 6. e3 0-0 7. a3 b6 8. Bd3 Bb7 9. cxd5 exd5 10. Ne5 Nbd7 11. Qf3 c5 12. Rd1 cxd4 13. exd4 Re8 14. 0-0 Nf8 15. Bb5 Ne6 16. Bxe8 Qxe8 17. Rfe1 Ne4 18. Bg3 Bf6 19. Qd3 Qd8 20. f3 Nxg3 21. hxg3 Rc8 22. Re2 g6 23. f4 Ng7 24. Ng4 Nf5 25. Re8+ 1-0

[Event "MNT-chT 1st League"]
[Site "Podgorica"]
[Date "2019.07.20"]
[Round "1.4"]
[White "Musovic, Armin"]
[Black "Radonjic, Milan"]
[Result "0-1"]
[WhiteElo "2281"]
[BlackElo "2009"]
[PlyCount "40"]
[EventDate "2019.07.20"]
[EventType "team-tourn"]
[EventRounds "9"]
[EventCountry "MNE"]
[SourceTitle "EXT 2020"]
[Source "ChessBase"]
[SourceDate "2019.10.17"]
[SourceVersion "1"]
[SourceVersionDate "2019.10.17"]
[SourceQuality "1"]
[WhiteTeam "Rokada"]
[BlackTeam "Buducnost Omladinac"]
[WhiteTeamCountry "MNE"]
[BlackTeamCountry "MNE"]

1. e4 d5 2. exd5 Qxd5 3. Nc3 Qd8 4. h3 c5 5. Nf3 Nc6 6. Bb5 Bd7 7. 0-0 a6 8. Bxc6 Bxc6 9. d4 e6 10. Be3 cxd4 11. Nxd4 Qc7 12. Re1 Be7 13. Qh5 g6 14. Qe2 0-0-0 15. a4 Bd5 16. a5 Qc4 17. Nxd5 Qxd5 18. c4 Qe4 19. c5 Bf6 20. f3 Qxe3+ 0-1

[Event "MNT-chT"]
[Site "Niksic"]
[Date "2016.08.09"]
[Round "4.5"]
[White "Radonjic, Milan"]
[Black "Balic, Adnan"]
[Result "0-1"]
[WhiteElo "2025"]
[BlackElo "2071"]
[PlyCount "96"]
[EventDate "2016.08.06"]
[EventType "team-tourn"]
[EventRounds "9"]
[EventCountry "MNE"]
[SourceTitle "CBM 173 Extra"]
[Source "ChessBase"]
[SourceDate "2016.08.29"]
[SourceVersion "1"]
[SourceVersionDate "2016.08.29"]
[SourceQuality "1"]

1. d4 d5 2. c4 c6 3. Nc3 Nf6 4. e3 g6 5. Nf3 Bg7 6. Bd3 dxc4 7. Bxc4 b5 8. Bd3 Nbd7 9. e4 Nb6 10. 0-0 Bg4 11. Be3 0-0 12. h3 Bxf3 13. Qxf3 Nfd7 14. Rac1 a6 15. Ne2 Rc8 16. Qg3 e5 17. Rfd1 exd4 18. Bxd4 Bxd4 19. Nxd4 c5 20. Nf3 c4 21. Bb1 Qe7 22. Nd4 Kh8 23. f4 Rfd8 24. Nf3 Nc5 25. Ne5 Nbd7 26. Nxd7 Rxd7 27. Qc3+ Kg8 28. Rxd7 Qxd7 29. Bc2 Rd8 30. Rd1 Qc7 31. e5 Rxd1+ 32. Bxd1 Qd8 33. Bc2 Ne6 34. Qe3 Qd4 35. Qxd4 Nxd4 36. Bd1 b4 37. Kf2 c3 38. bxc3 bxc3 39. Ke3 c2 40. Bxc2 Nxc2+ 41. Ke4 Kf8 42. a4 Ke7 43. Kd5 Ne3+ 44. Kc6 Nxg2 45. Kb6 Nxf4 46. Kxa6 Nd3 47. Kb5 Nxe5 48. a5 Kd7 0-1

[Event "MNT-chT"]
[Site "Niksic"]
[Date "2016.08.06"]
[Round "1.5"]
[White "Markovic, Danko"]
[Black "Radonjic, Milan"]
[Result "1/2-1/2"]
[WhiteElo "1872"]
[BlackElo "2025"]
[PlyCount "43"]
[EventDate "2016.08.06"]
[EventType "team-tourn"]
[EventRounds "9"]
[EventCountry "MNE"]
[SourceTitle "CBM 173 Extra"]
[Source "ChessBase"]
[SourceDate "2016.08.29"]
[SourceVersion "1"]
[SourceVersionDate "2016.08.29"]
[SourceQuality "1"]

1. e4 c6 2. d4 d5 3. Nc3 dxe4 4. Nxe4 Bf5 5. Ng3 Bg6 6. Bc4 e6 7. Nf3 Bd6 8. Bg5 Nf6 9. Bd3 Bxd3 10. Qxd3 h6 11. Bd2 Qb6 12. b3 Nbd7 13. c4 Qc7 14. Bc3 0-0 15. 0-0 Rad8 16. Qc2 b5 17. Bb2 bxc4 18. bxc4 c5 19. Qe2 Be7 20. Rfd1 Nb6 21. Rac1 Rfe8 22. Ne5 1/2-1/2

[Event "Podgorica Buducnost op 2nd"]
[Site "Podgorica"]
[Date "2016.03.24"]
[Round "6"]
[White "Vujacic, Igor"]
[Black "Radonjic, Milan"]
[Result "1/2-1/2"]
[WhiteElo "2166"]
[BlackElo "1992"]
[PlyCount "80"]
[EventDate "2016.03.19"]
[EventType "swiss"]
[EventRounds "7"]
[EventCountry "MNE"]
[SourceTitle "CBM 171 Extra"]
[Source "ChessBase"]
[SourceDate "2016.04.26"]
[SourceVersion "1"]
[SourceVersionDate "2016.04.26"]
[SourceQuality "1"]

1. e4 c5 2. Nf3 d6 3. c3 Nf6 4. Be2 Nc6 5. d3 g6 6. 0-0 Bg7 7. d4 0-0 8. d5 Nb8 9. Nfd2 e6 10. a4 exd5 11. exd5 Nbd7 12. Nc4 Nb6 13. Nxb6 Qxb6 14. Na3 Bf5 15. Nc4 Qc7 16. Bf4 Rad8 17. g4 Bc8 18. Re1 Ne8 19. Bf3 b6 20. Re3 Ba6 21. Qb3 Nf6 22. Rae1 Bxc4 23. Qxc4 Nd7 24. Bg5 f6 25. Bh4 Ne5 26. Qe2 Bh6 27. Re4 Rde8 28. Bg3 f5 29. gxf5 gxf5 30. Rxe5 dxe5 31. Bxe5 Qd7 32. Bh5 Qxd5 33. Bxe8 Rxe8 34. Qh5 Rxe5 35. Rxe5 Qxe5 36. Qxh6 Qe1+ 37. Kg2 Qe4+ 38. f3 Qe2+ 39. Kg3 Qe1+ 40. Kg2 Qe2+ 1/2-1/2

[Event "Podgorica Buducnost op 2nd"]
[Site "Podgorica"]
[Date "2016.03.20"]
[Round "2"]
[White "Lakusic, Zoran"]
[Black "Radonjic, Milan"]
[Result "0-1"]
[WhiteElo "1653"]
[BlackElo "1992"]
[PlyCount "82"]
[EventDate "2016.03.19"]
[EventType "swiss"]
[EventRounds "7"]
[EventCountry "MNE"]
[SourceTitle "CBM 171 Extra"]
[Source "ChessBase"]
[SourceDate "2016.04.26"]
[SourceVersion "1"]
[SourceVersionDate "2016.04.26"]
[SourceQuality "1"]

1. c4 e5 2. e4 Nf6 3. Nc3 Bc5 4. d3 Nc6 5. Bg5 h6 6. Bh4 Be7 7. Bg3 d6 8. Be2 Be6 9. Qb3 Rb8 10. Nf3 0-0 11. Nd5 Qd7 12. 0-0 Bg4 13. Rfe1 Bxf3 14. Nxe7+ Qxe7 15. Bxf3 Nd4 16. Qd1 Nd7 17. Bg4 g5 18. Bxd7 Qxd7 19. Rc1 c5 20. Qh5 Kg7 21. Re3 f6 22. Qd1 b5 23. cxb5 Rxb5 24. b3 a5 25. Rc4 Rb4 26. h4 Qf7 27. hxg5 fxg5 28. Qg4 Qe6 29. Qh5 a4 30. Rxb4 cxb4 31. Qh2 axb3 32. axb3 Nxb3 33. f3 Nd4 34. Re1 Rxf3 35. gxf3 Nxf3+ 36. Kg2 Nxh2 37. Kxh2 Qa2+ 38. Kh3 b3 39. d4 b2 40. dxe5 b1Q 41. Rxb1 Qxb1 0-1

[Event "Petrovac op"]
[Site "Petrovac"]
[Date "2015.05.09"]
[Round "3"]
[White "Radonjic, Milan"]
[Black "Radovanovic, Mihajlo"]
[Result "0-1"]
[WhiteElo "1928"]
[BlackElo "2234"]
[PlyCount "58"]
[EventDate "2015.05.08"]
[EventType "swiss"]
[EventRounds "9"]
[EventCountry "MNE"]
[SourceTitle "CBM 166 Extra"]
[Source "ChessBase"]
[SourceDate "2015.06.18"]
[SourceVersion "1"]
[SourceVersionDate "2015.06.18"]
[SourceQuality "1"]

1. d4 Nf6 2. c4 c5 3. Nf3 cxd4 4. Nxd4 Nc6 5. Nc3 e6 6. e3 Bb4 7. Bd2 0-0 8. a3 Bc5 9. Nf3 d5 10. b4 Bb6 11. c5 Bc7 12. Qc2 e5 13. e4 Nd4 14. Nxd4 exd4 15. Nxd5 Nxd5 16. exd5 Re8+ 17. Kd1 Qxd5 18. Qc4 Qc6 19. b5 Qf6 20. f3 Be6 21. Qb4 d3 22. Rb1 Rad8 23. h4 h6 24. h5 Rd4 25. Qb2 Be5 26. Bc3 Rb4 27. Qxb4 Bxc3 28. Qh4 Qxh4 29. Rxh4 Bb3+ 0-1

[Event "MNT-chT 1st League"]
[Site "Podgorica"]
[Date "2014.09.14"]
[Round "6.3"]
[White "Radonjic, Milan"]
[Black "Minic, Milan"]
[Result "0-1"]
[WhiteElo "1859"]
[BlackElo "2112"]
[PlyCount "118"]
[EventDate "2014.08.29"]
[EventType "team-tourn"]
[EventRounds "9"]
[EventCountry "MNE"]
[SourceTitle "EXT 2018"]
[Source "ChessBase"]
[SourceDate "2017.10.13"]
[SourceVersion "1"]
[SourceVersionDate "2017.10.13"]
[SourceQuality "1"]
[WhiteTeam "Omladinac Buducnost"]
[BlackTeam "Mornar"]
[WhiteTeamCountry "MNE"]
[BlackTeamCountry "MNE"]

1. d4 Nf6 2. c4 c5 3. d5 e6 4. Nc3 exd5 5. cxd5 d6 6. e4 g6 7. f4 Bg7 8. Bb5+ Nfd7 9. a4 0-0 10. Nf3 a6 11. Bd3 f5 12. exf5 gxf5 13. 0-0 Nf6 14. Qc2 Ng4 15. h3 Nh6 16. Re1 Nd7 17. Ng5 Nf6 18. Ne6 Bxe6 19. dxe6 Qe7 20. Bc4 Rab8 21. Nd5 Nxd5 22. Bxd5 Kh8 23. Bd2 Ng8 24. Rad1 Bd4+ 25. Be3 Bf6 26. Bf2 Qg7 27. b3 Ne7 28. Re3 Bd4 29. Rg3 Qxg3 30. Rxd4 Qg6 31. Rd3 Nxd5 32. Rxd5 Qxe6 33. Qd1 Rf6 34. Rd3 Rg6 35. Re3 Qg8 36. g3 Re8 37. Rd3 Qe6 38. Re3 Qf7 39. Rxe8+ Qxe8 40. Qd5 Qd7 41. Bxc5 Qe6 42. Bd4+ Kg8 43. Qg2 Qxb3 44. Kh2 Qc4 45. Bf2 d5 46. Qf3 b5 47. axb5 axb5 48. Qe3 Qe4 49. Qa7 b4 50. Qd7 Re6 51. Qd8+ Kf7 52. Qg5 b3 53. Qh5+ Kg7 54. Qd1 Qe2 55. Qd4+ Kg6 56. g4 Qe4 57. Qd2 Rc6 58. gxf5+ Kxf5 59. Qd1 Qxf4+ 0-1

[Event "MNT-chT 1st League"]
[Site "Podgorica"]
[Date "2014.08.30"]
[Round "2.3"]
[White "Radonjic, Milan"]
[Black "Perkovic, Radovan"]
[Result "1/2-1/2"]
[WhiteElo "1859"]
[BlackElo "2052"]
[PlyCount "61"]
[EventDate "2014.08.29"]
[EventType "team-tourn"]
[EventRounds "9"]
[EventCountry "MNE"]
[SourceTitle "EXT 2018"]
[Source "ChessBase"]
[SourceDate "2017.10.13"]
[SourceVersion "1"]
[SourceVersionDate "2017.10.13"]
[SourceQuality "1"]
[WhiteTeam "Omladinac Buducnost"]
[BlackTeam "Dijagonale"]
[WhiteTeamCountry "MNE"]
[BlackTeamCountry "MNE"]

1. d4 d5 2. c4 e6 3. Nc3 Nf6 4. cxd5 exd5 5. Bg5 Be7 6. Qc2 c6 7. e3 Be6 8. Bd3 h6 9. Bf4 0-0 10. Nge2 Re8 11. h3 Nbd7 12. g4 c5 13. g5 hxg5 14. Bxg5 c4 15. Bf5 Bxf5 16. Qxf5 g6 17. Qc2 Bd6 18. h4 Qa5 19. h5 Nxh5 20. Rxh5 gxh5 21. 0-0-0 Re6 22. Qf5 Nb6 23. Bf6 Kf8 24. Rh1 Ke8 25. Rxh5 Kd7 26. Be5 Rae8 27. Nf4 Bxe5 28. Nxe6 fxe6 29. Qxe5 Na4 30. Rh7+ Re7 31. Rxe7+ 1/2-1/2

[Event "MNT-ch sf"]
[Site "Podgorica"]
[Date "2014.07.28"]
[Round "7"]
[White "Nikac, Predrag"]
[Black "Radonjic, Milan"]
[Result "1-0"]
[WhiteElo "2323"]
[BlackElo "1859"]
[PlyCount "74"]
[EventDate "2014.07.24"]
[EventType "swiss"]
[EventRounds "7"]
[EventCountry "MNE"]
[SourceTitle "EXT 2015"]
[Source "ChessBase"]
[SourceDate "2014.11.20"]
[SourceVersion "1"]
[SourceVersionDate "2014.11.20"]
[SourceQuality "1"]

1. e4 c5 2. Nf3 d6 3. d4 cxd4 4. Nxd4 Nf6 5. Nc3 a6 6. f4 e5 7. Nf3 exf4 8. Bxf4 Be7 9. Bc4 0-0 10. Qd2 Qb6 11. 0-0-0 Qc6 12. Bb3 Be6 13. Nd4 Qd7 14. Nxe6 fxe6 15. Bxd6 Nc6 16. Bxe7 Qxe7 17. Qd6 Rfe8 18. h3 Rad8 19. Qxe7 Rxd1+ 20. Rxd1 Rxe7 21. Na4 Na5 22. Nc5 Nxb3+ 23. axb3 b6 24. Na4 Nxe4 25. Nxb6 g5 26. Re1 Nf6 27. Nc8 Re8 28. Nd6 Re7 29. Re5 h6 30. Nf5 Re8 31. Nxh6+ Kg7 32. Ng4 Nxg4 33. Rxg5+ Kf6 34. Rxg4 Rd8 35. Rf4+ Kg5 36. Rf2 e5 37. Rd2 Rf8 1-0

[Event "MNT-ch sf"]
[Site "Podgorica"]
[Date "2014.07.26"]
[Round "5"]
[White "Abramovic, Dragoljub"]
[Black "Radonjic, Milan"]
[Result "1-0"]
[WhiteElo "2089"]
[BlackElo "1859"]
[PlyCount "105"]
[EventDate "2014.07.24"]
[EventType "swiss"]
[EventRounds "7"]
[EventCountry "MNE"]
[SourceTitle "CBM 161 Extra"]
[Source "ChessBase"]
[SourceDate "2014.08.29"]
[SourceVersion "1"]
[SourceVersionDate "2014.08.29"]
[SourceQuality "1"]

1. d4 d5 2. Nc3 Nf6 3. Bg5 Bf5 4. e3 c6 5. Bxf6 exf6 6. Bd3 Bxd3 7. Qxd3 Bb4 8. Nge2 0-0 9. 0-0 g6 10. e4 dxe4 11. Nxe4 f5 12. Nd2 Nd7 13. Rfd1 Nf6 14. Nf1 Re8 15. a3 Bd6 16. c4 Qe7 17. Nc3 Rad8 18. Rac1 Bc5 19. d5 Ng4 20. Rc2 cxd5 21. Nxd5 Bxf2+ 22. Rxf2 Qc5 23. Qd4 Qxd4 24. Rxd4 Nxf2 25. Kxf2 Kg7 26. Rd3 Rc8 27. Nd2 Rc6 28. Nc3 Re7 29. b4 Rce6 30. Nf3 h6 31. Nd4 Re1 32. Ncb5 Rc1 33. c5 a5 34. Nd6 Kf6 35. Rb3 f4 36. Rb2 Ree1 37. Nf3 Re3 38. Nxb7 g5 39. Nxa5 g4 40. Nb3 Rd1 41. Nfd2 Rde1 42. Nf1 Re4 43. c6 Rd1 44. c7 Re8 45. Nfd2 Rc8 46. b5 h5 47. Rb1 Rxb1 48. Nxb1 Ke6 49. b6 Kd6 50. Nc3 h4 51. Nd5 g3+ 52. hxg3 fxg3+ 53. Kf3 1-0

[Event "MNT-ch sf"]
[Site "Podgorica"]
[Date "2014.07.25"]
[Round "3"]
[White "Sukovic, Andrej"]
[Black "Radonjic, Milan"]
[Result "1/2-1/2"]
[WhiteElo "1592"]
[BlackElo "1859"]
[PlyCount "26"]
[EventDate "2014.07.24"]
[EventType "swiss"]
[EventRounds "7"]
[EventCountry "MNE"]
[SourceTitle "CBM 161 Extra"]
[Source "ChessBase"]
[SourceDate "2014.08.29"]
[SourceVersion "1"]
[SourceVersionDate "2014.08.29"]
[SourceQuality "1"]

1. d4 d5 2. c4 c6 3. cxd5 cxd5 4. Nc3 Nf6 5. Bf4 Nc6 6. e3 Bf5 7. Bd3 Bxd3 8. Qxd3 e6 9. Nf3 Bd6 10. Bxd6 Qxd6 11. 0-0 0-0 12. Nb5 Qe7 13. Rfc1 a6 1/2-1/2

[Event "MNT CupT"]
[Site "Niksic"]
[Date "2014.04.20"]
[Round "2.4"]
[White "Radonjic, Milan"]
[Black "Draganic, Veljko"]
[Result "1/2-1/2"]
[WhiteElo "1855"]
[BlackElo "2253"]
[PlyCount "59"]
[EventDate "2014.04.06"]
[EventType "team-swiss"]
[EventRounds "5"]
[EventCountry "MNE"]
[SourceTitle "CBM 160 Extra"]
[Source "ChessBase"]
[SourceDate "2014.07.01"]
[SourceVersion "1"]
[SourceVersionDate "2014.07.01"]
[SourceQuality "1"]

1. d4 d5 2. c4 e6 3. Nc3 Be7 4. Nf3 Nf6 5. cxd5 exd5 6. Bg5 h6 7. Bf4 Bd6 8. Bg3 0-0 9. e3 Bf5 10. Bd3 Bxd3 11. Qxd3 c6 12. 0-0 Bxg3 13. hxg3 Nbd7 14. b4 a6 15. a4 Qe7 16. Nd2 Rfe8 17. Rfb1 Ne4 18. Ndxe4 dxe4 19. Qe2 Qg5 20. b5 axb5 21. axb5 Rxa1 22. Rxa1 Nf6 23. bxc6 bxc6 24. Qc4 Re6 25. Ne2 Nd5 26. Ra6 Nxe3 27. fxe3 Qxe3+ 28. Kh2 Rf6 29. Rxc6 Rxc6 30. Qxc6 1/2-1/2

[Event "MNT-chT1"]
[Site "Cetinje"]
[Date "2013.09.21"]
[Round "8"]
[White "Radonjic, Milan"]
[Black "Tomic, Aleksandar Lj"]
[Result "0-1"]
[WhiteElo "1833"]
[BlackElo "2014"]
[PlyCount "60"]
[EventDate "2013.08.30"]
[EventType "team-tourn"]
[EventRounds "9"]
[EventCountry "MNE"]
[SourceTitle "CBM 156 Extra"]
[Source "ChessBase"]
[SourceDate "2013.10.22"]
[SourceVersion "1"]
[SourceVersionDate "2013.10.22"]
[SourceQuality "1"]

1. d4 Nf6 2. c4 c5 3. d5 e6 4. Nc3 exd5 5. cxd5 d6 6. e4 g6 7. f4 Bg7 8. Bb5+ Nfd7 9. a4 a6 10. Bc4 0-0 11. Nf3 Re8 12. 0-0 Nb6 13. Bd3 Bg4 14. a5 N6d7 15. Be3 f5 16. h3 Bxf3 17. gxf3 Qh4 18. Kh2 Bh6 19. Qd2 Nf6 20. e5 Nh5 21. Ne2 dxe5 22. fxe5 f4 23. Bxc5 Nd7 24. Bd4 Nxe5 25. Bxe5 Rxe5 26. Qe1 Ng3 27. Qf2 Rae8 28. Rae1 Rh5 29. Ng1 Re3 30. Qc2 Nf5 0-1